[Event "EU-ch (Women) 11th"]
[Site "Rijeka"]
[Date "2010.03.14"]
[Round "8"]
[White "Moser, Eva"]
[Black "Kosintseva, Tatiana"]
[Result "0-1"]
[WhiteElo "2437"]
[BlackElo "2524"]
[PlyCount "136"]
[EventDate "2010.03.06"]
[EventType "swiss"]
[EventRounds "11"]
[EventCountry "CRO"]
[SourceTitle "CBM 135 Extra"]
[Source "ChessBase"]
[SourceDate "2010.05.04"]
[SourceVersion "1"]
[SourceVersionDate "2010.05.04"]
[SourceQuality "1"]

1. d4 Nf6 2. Nf3 e6 3. c4 d5 4. Nc3 Bb4 5. Qa4+ Nc6 6. a3 Bxc3+ 7. bxc3 Ne4 8.
Qc2 O-O 9. e3 b6 10. cxd5 exd5 11. Bd3 Na5 12. O-O Re8 13. Ne5 f6 14. Nf3 c5
15. dxc5 bxc5 16. c4 Nxc4 17. Bxc4 dxc4 18. Rd1 Qb6 19. Nd2 Nxd2 20. Bxd2 Be6
21. Rab1 Qc6 22. f3 Qa6 23. a4 Rad8 24. a5 Rd3 25. e4 Red8 26. Bc3 h5 27. Re1
h4 28. h3 Qc6 29. Rbc1 Qc7 30. Rb1 Qc6 31. Rbc1 Qc7 32. e5 f5 33. Qf2 Qe7 34.
Re3 Qg5 35. f4 Qh5 36. Rce1 a6 37. Kh2 Qh6 38. Kg1 Rc8 39. Kh1 Bd5 40. e6 Be4
41. e7 Kf7 42. Kg1 Kxe7 43. Be5 Kf7 44. Qa2 Qe6 45. Qf2 Qg6 46. Qa2 Kf8 47.
Rxe4 fxe4 48. f5 Qc6 49. Qxc4 Qd5 50. Qxa6 Ra8 51. Bxg7+ Kxg7 52. Qg6+ Kf8 53.
f6 Rg3 54. Qh6+ Kg8 55. Qxh4 Rg6 56. Rxe4 Qd1+ 57. Kh2 Qd6+ 58. Kh1 Qxf6 59.
Qe1 Rf8 60. Qd2 c4 61. a6 Qxa6 62. Qd5+ Rf7 63. Re8+ Kg7 64. Qh5 Qa1+ 65. Kh2
Rxg2+ 66. Kxg2 Qf1+ 67. Kh2 Rf2+ 68. Kg3 Rg2+ 0-1

[Event "EU-ch (Women) 11th"]
[Site "Rijeka"]
[Date "2010.03.12"]
[Round "7"]
[White "Gvetadze, Sofio"]
[Black "Moser, Eva"]
[Result "0-1"]
[WhiteElo "2342"]
[BlackElo "2437"]
[PlyCount "64"]
[EventDate "2010.03.06"]
[EventType "swiss"]
[EventRounds "11"]
[EventCountry "CRO"]
[SourceTitle "CBM 135 Extra"]
[Source "ChessBase"]
[SourceDate "2010.05.04"]
[SourceVersion "1"]
[SourceVersionDate "2010.05.04"]
[SourceQuality "1"]

1. e4 c5 2. Nf3 Nc6 3. d4 cxd4 4. Nxd4 Nf6 5. Nc3 e5 6. Ndb5 d6 7. Nd5 Nxd5 8.
exd5 Nb8 9. c4 Be7 10. Be2 O-O 11. O-O a6 12. Nc3 Nd7 13. Kh1 f5 14. f4 Bf6 15.
Qc2 exf4 16. Bxf4 Ne5 17. b4 a5 18. Rab1 Ng6 19. Bg3 Bxc3 20. Qxc3 f4 21. Bf2
axb4 22. Rxb4 Rxa2 23. Bf3 Ne5 24. c5 Nxf3 25. Qxf3 Qg5 26. h3 h5 27. cxd6 Bg4
28. Qe4 Re2 29. Qc4 f3 30. hxg4 Qh4+ 31. Kg1 fxg2 32. Kxg2 Rexf2+ 0-1

[Event "EU-ch (Women) 11th"]
[Site "Rijeka"]
[Date "2010.03.11"]
[Round "6"]
[White "Moser, Eva"]
[Black "Kadziolka, Beata"]
[Result "1-0"]
[WhiteElo "2437"]
[BlackElo "2311"]
[PlyCount "44"]
[EventDate "2010.03.06"]
[EventType "swiss"]
[EventRounds "11"]
[EventCountry "CRO"]
[SourceTitle "CBM 135 Extra"]
[Source "ChessBase"]
[SourceDate "2010.05.04"]
[SourceVersion "1"]
[SourceVersionDate "2010.05.04"]
[SourceQuality "1"]

1. e4 c5 2. d3 g6 3. g3 Bg7 4. Bg2 Nc6 5. f4 d6 6. Nf3 Rb8 7. O-O b5 8. h3 b4
9. Nbd2 a5 10. Nc4 Ba6 11. Kh1 Nf6 12. e5 Ng8 13. Ng5 Nd4 14. c3 Ne6 15. Nxf7
Kxf7 16. f5 Nh6 17. fxe6+ Kg8 18. exd6 exd6 19. e7 Qxe7 20. Bd5+ Nf7 21. Rxf7
Qxf7 22. Bxf7+ Kxf7 1-0

[Event "EU-ch (Women) 11th"]
[Site "Rijeka"]
[Date "2010.03.09"]
[Round "4"]
[White "Moser, Eva"]
[Black "Dzagnidze, Nana"]
[Result "1/2-1/2"]
[WhiteElo "2437"]
[BlackElo "2479"]
[PlyCount "54"]
[EventDate "2010.03.06"]
[EventType "swiss"]
[EventRounds "11"]
[EventCountry "CRO"]
[SourceTitle "CBM 135 Extra"]
[Source "ChessBase"]
[SourceDate "2010.05.04"]
[SourceVersion "1"]
[SourceVersionDate "2010.05.04"]
[SourceQuality "1"]

1. e4 c5 2. c3 Nf6 3. e5 Nd5 4. d4 cxd4 5. Nf3 Nc6 6. cxd4 d6 7. Bc4 Nb6 8. Bb5
Bd7 9. Nc3 dxe5 10. dxe5 Bg4 11. Qe2 e6 12. Qe4 Bxf3 13. Qxf3 Qc7 14. O-O Bb4
15. Ne4 Qxe5 16. Bxc6+ bxc6 17. Bf4 Qf5 18. Nd6+ Bxd6 19. Qxc6+ Kf8 20. Bxd6+
Kg8 21. Rac1 h6 22. Rc5 Qd3 23. Bc7 Kh7 24. Bxb6 axb6 25. Rc3 Qd4 26. Qf3 Rhf8
27. Rd1 Qe5 1/2-1/2

[Event "EU-ch (Women) 11th"]
[Site "Rijeka"]
[Date "2010.03.08"]
[Round "3"]
[White "Kosintseva, Nadezhda"]
[Black "Moser, Eva"]
[Result "1/2-1/2"]
[WhiteElo "2554"]
[BlackElo "2437"]
[PlyCount "72"]
[EventDate "2010.03.06"]
[EventType "swiss"]
[EventRounds "11"]
[EventCountry "CRO"]
[SourceTitle "CBM 135 Extra"]
[Source "ChessBase"]
[SourceDate "2010.05.04"]
[SourceVersion "1"]
[SourceVersionDate "2010.05.04"]
[SourceQuality "1"]

1. e4 c5 2. Nf3 Nc6 3. Nc3 e5 4. Bc4 Be7 5. d3 d6 6. h3 Nf6 7. O-O O-O 8. a3
Rb8 9. Rb1 Nd4 10. b4 Nd7 11. Nd5 Nb6 12. Nxb6 Nxf3+ 13. Qxf3 axb6 14. Bd5 Be6
15. Bxe6 fxe6 16. Qg4 Qd7 17. c4 Rf6 18. Rb3 Rbf8 19. Be3 Rg6 20. Qh5 d5 21.
bxc5 d4 22. Bd2 Bxc5 23. Qxe5 Rf3 24. Bb4 Bxb4 25. Rxb4 h6 26. Rxb6 Rxd3 27.
Qb8+ Kh7 28. Rxb7 Qc6 29. Qa8 Rxg2+ 30. Kxg2 Qxe4+ 31. Kg1 Qg6+ 32. Kh2 Rxh3+
33. Kxh3 Qh5+ 34. Kg3 Qg5+ 35. Kf3 Qf5+ 36. Kg3 Qg5+ 1/2-1/2

[Event "EU-ch (Women) 11th"]
[Site "Rijeka"]
[Date "2010.03.07"]
[Round "2"]
[White "Moser, Eva"]
[Black "Dornbusch, Tatiana"]
[Result "1-0"]
[WhiteElo "2437"]
[BlackElo "2294"]
[PlyCount "83"]
[EventDate "2010.03.06"]
[EventType "swiss"]
[EventRounds "11"]
[EventCountry "CRO"]
[SourceTitle "CBM 135 Extra"]
[Source "ChessBase"]
[SourceDate "2010.05.04"]
[SourceVersion "1"]
[SourceVersionDate "2010.05.04"]
[SourceQuality "1"]

1. g3 e5 2. c4 Nf6 3. Bg2 Nc6 4. Nc3 g6 5. d3 Bg7 6. e4 O-O 7. Nge2 d6 8. O-O
Nh5 9. Nd5 f5 10. exf5 Bxf5 11. Rb1 Qd7 12. b4 a6 13. b5 axb5 14. cxb5 Nd8 15.
Rb4 Nf6 16. Nec3 Nxd5 17. Nxd5 Ra5 18. a4 c6 19. Ne3 Be6 20. Nc4 Ra7 21. Be3 c5
22. Rb1 Kh8 23. Rc1 Bg4 24. Qc2 Nf7 25. Nb6 Qd8 26. Nd5 b6 27. Ra1 Bc8 28. Bd2
Bb7 29. Qb3 Nh6 30. a5 bxa5 31. b6 Ra8 32. Nc7 a4 33. Rxa4 Rxa4 34. Qxa4 Qb8
35. Bxb7 Qxb7 36. Qa7 Rb8 37. Qxb7 Rxb7 38. Bxh6 Bxh6 39. Nd5 e4 40. Ra1 Rb8
41. dxe4 Bd2 42. Ra7 1-0

[Event "Oberliga Baden 0910"]
[Site "Germany"]
[Date "2010.02.28"]
[Round "7.2"]
[White "Wippermann, Till"]
[Black "Moser, Eva"]
[Result "1/2-1/2"]
[WhiteElo "2419"]
[BlackElo "2424"]
[PlyCount "76"]
[EventDate "2009.10.18"]
[EventType "team-tourn"]
[EventRounds "9"]
[EventCountry "GER"]
[SourceTitle "EXT 2011"]
[Source "ChessBase"]
[SourceDate "2010.11.26"]
[SourceVersion "1"]
[SourceVersionDate "2010.11.26"]
[SourceQuality "1"]
[WhiteTeam "Kirchheim"]
[BlackTeam "Baden-Baden III"]
[WhiteTeamCountry "GER"]
[BlackTeamCountry "GER"]

1. e4 e6 2. d4 d5 3. Nc3 Nf6 4. Bg5 dxe4 5. Nxe4 Be7 6. Bxf6 gxf6 7. Nf3 f5 8.
Ng3 c5 9. Bc4 cxd4 10. Nxd4 Nc6 11. Nxc6 Qxd1+ 12. Rxd1 bxc6 13. O-O Rb8 14. b3
Bb7 15. Rfe1 Rd8 16. Be2 Bb4 17. Rxd8+ Kxd8 18. Rd1+ Kc7 19. Bh5 Rf8 20. Kf1
Be7 21. f4 c5 22. c4 Bf6 23. Ne2 a5 24. Kf2 Bc6 25. Bf3 Bd7 26. Rd3 Bh4+ 27.
Ke3 Rb8 28. Bh5 Be8 29. Nc3 Bf6 30. Nb5+ Bxb5 31. cxb5 Bd4+ 32. Kd2 Rg8 33. Rg3
Rxg3 34. hxg3 Bf2 35. Bxf7 Bxg3 36. Bxe6 Bxf4+ 37. Kd3 h6 38. Bxf5 Kb6 1/2-1/2

[Event "Oberliga Baden 0910"]
[Site "Germany"]
[Date "2010.01.24"]
[Round "5.1"]
[White "Moser, Eva"]
[Black "Arnold, Lothar"]
[Result "1/2-1/2"]
[WhiteElo "2424"]
[BlackElo "2374"]
[PlyCount "150"]
[EventDate "2009.10.18"]
[EventType "team-tourn"]
[EventRounds "9"]
[EventCountry "GER"]
[SourceTitle "EXT 2011"]
[Source "ChessBase"]
[SourceDate "2010.11.26"]
[SourceVersion "1"]
[SourceVersionDate "2010.11.26"]
[SourceQuality "1"]
[WhiteTeam "Baden-Baden III"]
[BlackTeam "Karlsruhe"]
[WhiteTeamCountry "GER"]
[BlackTeamCountry "GER"]

1. e4 c5 2. d3 Nf6 3. g3 Nc6 4. f4 d5 5. e5 Nd7 6. Bg2 e6 7. Nf3 Be7 8. c4 Nb6
9. b3 dxc4 10. dxc4 Qxd1+ 11. Kxd1 O-O 12. Ke2 f5 13. Rd1 Bd7 14. Nc3 a6 15.
Be3 Rfd8 16. Ne1 Be8 17. Bf3 Nd4+ 18. Bxd4 cxd4 19. Nb1 Bc6 20. Bxc6 bxc6 21.
Nf3 c5 22. Na3 Rd7 23. Nc2 Rad8 24. Nce1 Nc8 25. Nd3 Na7 26. Rg1 Bf8 27. g4
fxg4 28. Rxg4 Nc6 29. Ng5 Re8 30. Rag1 Rc7 31. Ne4 Kh8 32. Kd2 Nd8 33. R4g3 Nf7
34. Ng5 Nxg5 35. Rxg5 g6 36. R5g4 Bh6 37. Rh4 Bg7 38. Rxg6 Kg8 39. Rg3 Rf8 40.
Rh5 a5 41. a4 Kh8 42. Rgh3 h6 43. Rg3 Kh7 44. Rh4 Rff7 45. Rhg4 Bf8 46. Nf2 Be7
47. Ne4 Rc8 48. h4 Rcf8 49. Ke2 h5 50. Rg5 Bxg5 51. Nxg5+ Kh6 52. Nxf7+ Rxf7
53. Kf3 Rf8 54. Ke4 Kh7 55. Rg2 Kh6 56. Rg5 Rd8 57. f5 exf5+ 58. Kxf5 d3 59.
Rg6+ Kh7 60. Rg1 d2 61. Rd1 Kg7 62. Ke6 Kf8 63. Kf6 Rd4 64. Ke6 Rd3 65. Kf6 Rd4
66. e6 Ke8 67. Rg1 Rf4+ 68. Ke5 Rd4 69. Kf6 Rf4+ 70. Ke5 Rd4 71. Rd1 Ke7 72.
Kf5 Rd3 73. Ke4 Rd4+ 74. Kf5 Rd3 75. Ke4 Rd4+ 1/2-1/2

[Event "AUT-chT 0910"]
[Site "Austria"]
[Date "2010.01.17"]
[Round "7.5"]
[White "Baumegger, Siegfried"]
[Black "Moser, Eva"]
[Result "0-1"]
[WhiteElo "2442"]
[BlackElo "2424"]
[PlyCount "94"]
[EventDate "2009.11.06"]
[EventType "team-tourn"]
[EventRounds "11"]
[EventCountry "AUT"]
[SourceTitle "EXT 2011"]
[Source "ChessBase"]
[SourceDate "2010.11.26"]
[SourceVersion "1"]
[SourceVersionDate "2010.11.26"]
[SourceQuality "1"]
[WhiteTeam "Baden Invest"]
[BlackTeam "Graz Styria"]
[WhiteTeamCountry "AUT"]
[BlackTeamCountry "AUT"]

1. Nf3 d5 2. c4 d4 3. g3 Nc6 4. Bg2 e5 5. O-O Nf6 6. d3 Nd7 7. e3 Be7 8. exd4
exd4 9. Na3 Nc5 10. Nc2 a5 11. Re1 O-O 12. Ne5 Nb4 13. Nxb4 axb4 14. Bd2 Nd7
15. Qe2 Bc5 16. Nxd7 Qxd7 17. Qe5 Qd6 18. Qh5 g6 19. Qh6 Bf5 20. Bxb7 Rae8 21.
Bf4 Qd7 22. Bd5 Kh8 23. Be4 Bxe4 24. Rxe4 Rxe4 25. dxe4 Re8 26. Qg5 Bf8 27. Qd5
Qe7 28. Qxd4+ Bg7 29. Qd2 Qxe4 30. Qxb4 Bd4 31. Qd2 c5 32. Rd1 Qf3 33. Re1
Qxf2+ 34. Qxf2 Rxe1+ 35. Kg2 Bxf2 36. Kxf2 Ra1 37. Be5+ Kg8 38. a3 Rc1 39. Bc3
Kf8 40. Kf3 Ke7 41. h4 Ke6 42. a4 Ra1 43. a5 Ra4 44. Ke4 Rxc4+ 45. Kd3 Kd5 46.
Be1 Rd4+ 47. Kc2 Kc6 0-1

[Event "AUT-chT 0910"]
[Site "Austria"]
[Date "2010.01.15"]
[Round "5.5"]
[White "Froewis, Georg"]
[Black "Moser, Eva"]
[Result "1-0"]
[WhiteElo "2281"]
[BlackElo "2424"]
[PlyCount "115"]
[EventDate "2009.11.06"]
[EventType "team-tourn"]
[EventRounds "11"]
[EventCountry "AUT"]
[SourceTitle "EXT 2011"]
[Source "ChessBase"]
[SourceDate "2010.11.26"]
[SourceVersion "1"]
[SourceVersionDate "2010.11.26"]
[SourceQuality "1"]
[WhiteTeam "Hohenems"]
[BlackTeam "Graz Styria"]
[WhiteTeamCountry "AUT"]
[BlackTeamCountry "AUT"]

1. e4 c5 2. Nf3 Nc6 3. Bb5 g6 4. Bxc6 bxc6 5. O-O Bg7 6. Re1 Nh6 7. c3 O-O 8.
d4 cxd4 9. cxd4 f6 10. b3 Nf7 11. Nbd2 e5 12. dxe5 fxe5 13. Ba3 Re8 14. Rc1 Bb7
15. h3 a5 16. Nc4 d5 17. Nb2 Qf6 18. Nd3 Rad8 19. exd5 cxd5 20. Rc7 Ba8 21. Nc5
Qb6 22. Rd7 Rxd7 23. Nxd7 Qa7 24. Nc5 Bf8 25. Qc2 Rc8 26. Rc1 d4 27. Nd2 Bd5
28. h4 Rc6 29. g3 Nd8 30. b4 axb4 31. Bxb4 Ne6 32. Ndb3 Nxc5 33. Nxc5 Qxa2 34.
Qd1 Qa7 35. Nd3 Rxc1 36. Qxc1 Bxb4 37. Nxb4 Be6 38. Nc6 Qc7 39. Qc5 Kg7 40.
Nxd4 Qd7 41. Qxe5+ Kf7 42. Qxe6+ Qxe6 43. Nxe6 Kxe6 44. Kg2 Ke5 45. Kf3 Kf5 46.
g4+ Kf6 47. Kf4 Kf7 48. Ke5 Ke7 49. g5 Kf7 50. Kd6 Kf8 51. Ke6 Ke8 52. Kf6 Kf8
53. f3 Kg8 54. Ke7 Kg7 55. f4 Kg8 56. h5 Kg7 57. hxg6 Kxg6 58. Ke6 1-0

[Event "Oberliga Baden 0910"]
[Site "Germany"]
[Date "2009.12.13"]
[Round "4.1"]
[White "Wirthensohn, Heinz"]
[Black "Moser, Eva"]
[Result "1-0"]
[WhiteElo "2392"]
[BlackElo "2424"]
[PlyCount "127"]
[EventDate "2009.10.18"]
[EventType "team-tourn"]
[EventRounds "9"]
[EventCountry "GER"]
[SourceTitle "EXT 2011"]
[Source "ChessBase"]
[SourceDate "2010.11.26"]
[SourceVersion "1"]
[SourceVersionDate "2010.11.26"]
[SourceQuality "1"]
[WhiteTeam "Waldshut"]
[BlackTeam "Baden-Baden III"]
[WhiteTeamCountry "GER"]
[BlackTeamCountry "GER"]

1. c4 e5 2. g3 Nf6 3. Bg2 h6 4. d3 Bb4+ 5. Bd2 Bxd2+ 6. Qxd2 O-O 7. Nc3 Re8 8.
e4 d6 9. Nge2 c5 10. O-O Nc6 11. h3 Nd4 12. f4 a6 13. Rf2 Rb8 14. Raf1 b5 15.
fxe5 Nxe2+ 16. Qxe2 Rxe5 17. b3 Be6 18. Qd2 Nh5 19. g4 Ng3 20. Rd1 h5 21. Kh2
hxg4 22. Kxg3 gxh3 23. Bf3 Rg5+ 24. Kh2 Qf6 25. Rg1 Qe5+ 26. Kh1 Rxg1+ 27. Kxg1
g5 28. Nd5 g4 29. Bd1 g3 30. Rf3 h2+ 31. Kh1 Bxd5 32. cxd5 Kf8 33. Qh6+ Ke8 34.
Qh7 Qg5 35. Qxf7+ Kd8 36. Qf6+ Qxf6 37. Rxf6 Kc7 38. Bf3 c4 39. Rf7+ Kb6 40.
dxc4 bxc4 41. bxc4 Kc5 42. Kg2 Rb1 43. Kxg3 h1=Q 44. Bxh1 Rxh1 45. Rc7+ Kd4 46.
Rc6 Ke5 47. Rxa6 Rc1 48. Rc6 Kxe4 49. a4 Ke5 50. a5 Rg1+ 51. Kh4 Kf5 52. a6 Rg7
53. Rxd6 Rg4+ 54. Kh5 Rxc4 55. a7 Ra4 56. Rd7 Ra6 57. Re7 Ra1 58. Kh4 Kf4 59.
Kh3 Kf3 60. Rf7+ Ke4 61. d6 Kd5 62. d7 Rh1+ 63. Kg2 Rh8 64. Re7 1-0

[Event "EU-chT (Women) 08th"]
[Site "Novi Sad"]
[Date "2009.10.30"]
[Round "9"]
[White "Moser, Eva"]
[Black "Golubenko, Valentina"]
[Result "1-0"]
[WhiteElo "2407"]
[BlackElo "2298"]
[PlyCount "101"]
[EventDate "2009.10.22"]
[EventType "team-swiss"]
[EventRounds "9"]
[EventCountry "YUG"]
[SourceTitle "EXT 2010"]
[Source "ChessBase"]
[SourceDate "2010.11.25"]
[SourceVersion "1"]
[SourceVersionDate "2010.11.25"]
[SourceQuality "1"]
[WhiteTeam "Austria (W)"]
[BlackTeam "Croatia (W)"]
[WhiteTeamCountry "AUT"]
[BlackTeamCountry "CRO"]

1. g3 Nf6 2. Bg2 d5 3. Nf3 g6 4. c4 d4 5. d3 c5 6. e3 Bg7 7. exd4 cxd4 8. O-O
O-O 9. b4 a5 10. b5 Re8 11. Re1 Nbd7 12. Ba3 e5 13. Nbd2 Qc7 14. Rb1 Bf8 15.
Bxf8 Kxf8 16. Qc1 a4 17. Ne4 Nxe4 18. Qh6+ Kg8 19. Rxe4 f6 20. Nxd4 Nc5 21. Re3
Rd8 22. b6 Qd6 23. Bd5+ Kh8 24. Nb5 Qxb6 25. d4 Ne6 26. dxe5 Nd4 27. exf6 Nf5
28. f7 Bd7 29. Qf4 Kg7 30. Qe5+ Qf6 31. Qxf6+ Kxf6 32. Ree1 Kg7 33. g4 Nh6 34.
h3 Bxb5 35. Rxb5 Rab8 36. Rb6 Kf8 37. Re3 Rd7 38. Rf3 Re7 39. Kg2 Rc8 40. Kg3
Rcc7 41. Rd6 Rc8 42. Rdf6 Rcc7 43. h4 Re1 44. R3f4 Rg1+ 45. Kf3 Rd7 46. Re4 Rd8
47. Rd6 Nxf7 48. Rf6 Rxd5 49. cxd5 Kg8 50. g5 Rc1 51. Re8+ 1-0

[Event "EU-chT (Women) 08th"]
[Site "Novi Sad"]
[Date "2009.10.28"]
[Round "7"]
[White "Moser, Eva"]
[Black "Peng, Zhaoqin"]
[Result "0-1"]
[WhiteElo "2407"]
[BlackElo "2407"]
[PlyCount "104"]
[EventDate "2009.10.22"]
[EventType "team-swiss"]
[EventRounds "9"]
[EventCountry "YUG"]
[SourceTitle "EXT 2010"]
[Source "ChessBase"]
[SourceDate "2010.11.25"]
[SourceVersion "1"]
[SourceVersionDate "2010.11.25"]
[SourceQuality "1"]
[WhiteTeam "Austria (W)"]
[BlackTeam "Netherlands (W)"]
[WhiteTeamCountry "AUT"]
[BlackTeamCountry "NED"]

1. d4 d5 2. c4 c6 3. Nf3 Nf6 4. e3 Bf5 5. Nc3 e6 6. Nh4 Bg6 7. Nxg6 hxg6 8. g3
Nbd7 9. Bg2 Bb4 10. O-O Nb6 11. c5 Bxc3 12. bxc3 Nc4 13. Qd3 b6 14. cxb6 axb6
15. e4 Ra4 16. e5 Nd7 17. f4 b5 18. g4 Qh4 19. h3 Ndb6 20. f5 gxf5 21. gxf5 Qh7
22. Bg5 Nc8 23. Rf4 Ne7 24. Rh4 Qxh4 25. Bxh4 Rxh4 26. fxe6 fxe6 27. Rf1 Rxa2
28. Qg3 Rh6 29. Qxg7 Rxg2+ 30. Qxg2 Rg6 31. Qxg6+ Nxg6 32. Rf6 Nf8 33. h4 Nd2
34. Kg2 Ne4 35. Rf3 Ng6 36. Kh3 Ne7 37. Kg4 Nf5 38. Kh5 Kf7 39. Kg4 Kg7 40. h5
Nh6+ 41. Kf4 Nf7 42. Re3 Kh6 43. Kg4 c5 44. dxc5 Nxc5 45. Kf4 Kxh5 46. Rg3 Nd7
47. Rg8 Ndxe5 48. Rb8 Ng6+ 49. Ke3 Nd6 50. Kd4 Kg5 51. Rb6 Ne7 52. Rb8 Nc6+ 0-1

[Event "EU-chT (Women) 08th"]
[Site "Novi Sad"]
[Date "2009.10.27"]
[Round "6"]
[White "Boric, Elena"]
[Black "Moser, Eva"]
[Result "1/2-1/2"]
[WhiteElo "2259"]
[BlackElo "2407"]
[PlyCount "125"]
[EventDate "2009.10.22"]
[EventType "team-swiss"]
[EventRounds "9"]
[EventCountry "YUG"]
[SourceTitle "EXT 2010"]
[Source "ChessBase"]
[SourceDate "2010.11.25"]
[SourceVersion "1"]
[SourceVersionDate "2010.11.25"]
[SourceQuality "1"]
[WhiteTeam "Bosnia&Hercegovina (W)"]
[BlackTeam "Austria (W)"]
[WhiteTeamCountry "BIH"]
[BlackTeamCountry "AUT"]

1. e4 c5 2. Nf3 Nc6 3. Bb5 g6 4. O-O Bg7 5. Qe2 e5 6. Qc4 d6 7. b4 Be6 8. Bxc6+
bxc6 9. Qc3 Nf6 10. d3 O-O 11. bxc5 d5 12. Bg5 h6 13. Bxf6 Qxf6 14. Nbd2 g5 15.
exd5 Bxd5 16. Rae1 Rae8 17. h3 Qf4 18. Qa5 g4 19. hxg4 Qxg4 20. c4 Bxf3 21.
Nxf3 f5 22. Qxa7 e4 23. dxe4 fxe4 24. Nh2 Qf5 25. Re3 Be5 26. Qb7 Rf6 27. Kh1
Rg6 28. Qb1 Bf4 29. Rh3 Kh7 30. Qb7+ Kh8 31. Rh4 Reg8 32. g3 Bg5 33. Rg4 h5 34.
Rxg5 Qxg5 35. Qb2+ Qf6 36. Qe2 Qf5 37. a4 h4 38. g4 Qf4 39. a5 Ra8 40. Qb2+ Qf6
41. Qe2 Qf4 42. Qb2+ Kg8 43. Qd4 Re6 44. Qd7 Qf7 45. Qd2 Qe7 46. Re1 Qxc5 47.
a6 Qe7 48. g5 Rxa6 49. Ng4 Ra8 50. Qf4 Rf8 51. Nf6+ Kg7 52. Qg4 e3 53. Qf5 Rh8
54. fxe3 Rxe3 55. Rxe3 Qxe3 56. Nh5+ Rxh5 57. Qf6+ Kg8 58. Qg6+ Kf8 59. Qxh5
Qh3+ 60. Kg1 Qg3+ 61. Kh1 h3 62. Qh6+ Ke7 63. Qxc6 1/2-1/2

[Event "EU-chT (Women) 08th"]
[Site "Novi Sad"]
[Date "2009.10.24"]
[Round "3"]
[White "Moser, Eva"]
[Black "Rapport, Jovana"]
[Result "1-0"]
[WhiteElo "2407"]
[BlackElo "2359"]
[PlyCount "99"]
[EventDate "2009.10.22"]
[EventType "team-swiss"]
[EventRounds "9"]
[EventCountry "YUG"]
[SourceTitle "EXT 2010"]
[Source "ChessBase"]
[SourceDate "2010.11.25"]
[SourceVersion "1"]
[SourceVersionDate "2010.11.25"]
[SourceQuality "1"]
[WhiteTeam "Austria (W)"]
[BlackTeam "Montenegro (W)"]
[WhiteTeamCountry "AUT"]
[BlackTeamCountry "MNE"]

1. d4 Nf6 2. g3 g6 3. Bg2 d5 4. c4 c6 5. Qa4 e6 6. Nf3 Bg7 7. O-O O-O 8. Nc3
Nbd7 9. Qc2 dxc4 10. Rd1 Nd5 11. Ne4 b5 12. b3 cxb3 13. axb3 Qc7 14. Ba3 b4 15.
Bb2 a5 16. h4 h6 17. Ned2 Ba6 18. e4 N5b6 19. Rdc1 Rfc8 20. e5 Bf8 21. Ne4 Nd5
22. h5 gxh5 23. Neg5 Bg7 24. Ne4 Bf8 25. Qd1 Qd8 26. Nfd2 Bg7 27. Qxh5 Nf8 28.
Nd6 Rc7 29. Rxa5 Bd3 30. Rxa8 Qxa8 31. N2c4 Bg6 32. Qd1 Ra7 33. Qd2 Qb8 34. Re1
Ra2 35. Qc1 Nd7 36. Be4 Qa8 37. Bxg6 fxg6 38. Qb1 Nf8 39. Qe4 Qd8 40. Qf3 Ra7
41. Kg2 g5 42. Qh5 Nb6 43. Nxb6 Qxb6 44. Nc8 Qc7 45. Nxa7 Qxa7 46. Ra1 Qe7 47.
Kg1 Qd7 48. Ra8 c5 49. dxc5 Qb7 50. Ra1 1-0

[Event "EU-chT (Women) 08th"]
[Site "Novi Sad"]
[Date "2009.10.22"]
[Round "1"]
[White "Paehtz, Elisabeth"]
[Black "Moser, Eva"]
[Result "1-0"]
[WhiteElo "2482"]
[BlackElo "2407"]
[PlyCount "42"]
[EventDate "2009.10.22"]
[EventType "team-swiss"]
[EventRounds "9"]
[EventCountry "YUG"]
[SourceTitle "EXT 2010"]
[Source "ChessBase"]
[SourceDate "2010.11.25"]
[SourceVersion "1"]
[SourceVersionDate "2010.11.25"]
[SourceQuality "1"]
[WhiteTeam "Germany (W)"]
[BlackTeam "Austria (W)"]
[WhiteTeamCountry "GER"]
[BlackTeamCountry "AUT"]

1. e4 c5 2. Nf3 Nc6 3. Nc3 Nf6 4. Bb5 Qc7 5. O-O Nd4 6. d3 e6 7. Nxd4 cxd4 8.
Ne2 Bc5 9. Ba4 O-O 10. Ng3 d5 11. Bb3 dxe4 12. dxe4 b5 13. Bg5 Nd7 14. Re1 Nb6
15. e5 Bb7 16. Qg4 Kh8 17. Nh5 Rg8 18. Nf6 Qc6 19. Nxg8 Rxg8 20. Rad1 Nd7 21.
c3 f5 1-0

[Event "BL 0809 (Women)"]
[Site "Germany"]
[Date "2009.04.26"]
[Round "11.2"]
[White "Moser, Eva"]
[Black "Lakos, Nikoletta"]
[Result "1/2-1/2"]
[WhiteElo "2376"]
[BlackElo "2312"]
[PlyCount "41"]
[EventDate "2008.11.08"]
[EventType "team-tourn"]
[EventRounds "11"]
[EventCountry "GER"]
[SourceTitle "EXT 2010"]
[Source "ChessBase"]
[SourceDate "2010.11.25"]
[SourceVersion "1"]
[SourceVersionDate "2010.11.25"]
[SourceQuality "1"]
[WhiteTeam "Baden-Baden (W)"]
[BlackTeam "Halle Volksbank (W)"]
[WhiteTeamCountry "GER"]
[BlackTeamCountry "GER"]

1. Nf3 d5 2. g3 c6 3. Bg2 Bg4 4. O-O Nd7 5. d3 Ngf6 6. Nbd2 e5 7. e4 dxe4 8.
dxe4 Bc5 9. h3 Bxf3 10. Qxf3 O-O 11. Nc4 Qe7 12. a4 h6 13. Ne3 Bxe3 14. Qxe3
Rfd8 15. b3 Qc5 16. Ra2 Qxe3 17. Bxe3 Nf8 18. f4 exf4 19. gxf4 Nxe4 20. Bxe4
Re8 21. Bxc6 1/2-1/2

[Event "BL 0809 (Women)"]
[Site "Germany"]
[Date "2009.04.25"]
[Round "10.2"]
[White "Petrenko, Svetlana"]
[Black "Moser, Eva"]
[Result "1-0"]
[WhiteElo "2285"]
[BlackElo "2376"]
[PlyCount "113"]
[EventDate "2008.11.08"]
[EventType "team-tourn"]
[EventRounds "11"]
[EventCountry "GER"]
[SourceTitle "EXT 2010"]
[Source "ChessBase"]
[SourceDate "2010.11.25"]
[SourceVersion "1"]
[SourceVersionDate "2010.11.25"]
[SourceQuality "1"]
[WhiteTeam "Grosslehna (W)"]
[BlackTeam "Baden-Baden (W)"]
[WhiteTeamCountry "GER"]
[BlackTeamCountry "GER"]

1. e4 e6 2. d4 d5 3. e5 c5 4. c3 Nc6 5. Nf3 Bd7 6. a3 c4 7. b4 cxb3 8. Qxb3 Na5
9. Qb2 Ne7 10. Bd3 Ba4 11. Bb5+ Bxb5 12. Qxb5+ Nec6 13. a4 Be7 14. Nbd2 O-O 15.
O-O Rc8 16. Bb2 b6 17. Rfc1 Nb8 18. Rc2 Rc6 19. Qd3 Qc8 20. Rcc1 Qa6 21. Qb5
Rfc8 22. g3 R8c7 23. Kg2 Rc8 24. Kg1 Qb7 25. Qe2 Qd7 26. Ne1 Nc4 27. Nxc4 Rxc4
28. Qd1 Nc6 29. Rcb1 Na5 30. Ra2 R4c7 31. Nf3 Qc6 32. Ba1 Nc4 33. Qb3 h6 34.
Nd2 Nxd2 35. Rxd2 Qc4 36. Ra2 Qxb3 37. Rxb3 Bd8 38. Kf1 Rc6 39. Ke2 Kf8 40. Bb2
Ke8 41. Kd3 Rc4 42. Bc1 Kd7 43. Bd2 Be7 44. f3 h5 45. a5 Bd8 46. axb6 Bxb6 47.
Ra6 f6 48. f4 fxe5 49. fxe5 Rf8 50. Ke2 Rc7 51. Rb5 Kc6 52. Rb1 Rcf7 53. Be3 g5
54. Ra4 g4 55. c4 dxc4 56. Rxc4+ Kd5 57. Kd3 1-0